[Event "GER-chW Blitz 2019"]
[Site "Magdeburg"]
[Date "2019.05.25"]
[Round "9.1"]
[White "Birkholz, Olga"]
[Black "Roesler, Hannah Clara Hed"]
[Result "1-0"]
[WhiteElo "2031"]
[BlackElo "1619"]
[Annotator "NA"]
[PlyCount "56"]
[EventDate "2019.05.25"]
[EventType "tourn"]
[EventCountry "GER"]
[SourceTitle "playchess.com"]
[Source "ChessBase"]
[SourceQuality "1"]
[TimeControl "180+2"]

1. e4 {[%emt 0:00:00]} c5 {[%emt 0:00:00]} 2. b3 {[%emt 0:00:00]} g6 {[%emt 0:00:11]} 3. Bb2 {[%emt 0:00:01]} Nf6 {[%emt 0:00:13]} 4. Nf3 {[%emt 0:00:02]} Bg7 {[%emt 0:00:06]} 5. Bc4 {[%emt 0:00:08]} O-O {[%emt 0:00:16]} 6. Qe2 {[%emt 0:00:01]} a6 {[%emt 0:00:15]} 7. a4 {[%emt 0:00:03]} Nc6 {[%emt 0:00:05]} 8. e5 {[%emt 0:00:18]} Ng4 {[%emt 0:00:15]} 9. h3 {[%emt 0:00:07]} Nh6 {[%emt 0:00:04]} 10. g4 {[%emt 0:00:11]} Kh8 {[%emt 0:00:11]} 11. Na3 {[%emt 0:00:12]} d5 {[%emt 0:00:30]} 12. Bd3 {[%emt 0:00:25]} f5 {[%emt 0:00:17]} 13. g5 {[%emt 0:00:15]} Nf7 {[%emt 0:00:08]} 14. O-O-O {[%emt 0:00:12]} Nfxe5 {[%emt 0:00:06]} 15. Nxe5 {[%emt 0:00:02]} Nb4 {[%emt 0:00:15]} 16. Kb1 {[%emt 0:00:09]} d4 {[%emt 0:00:13]} 17. Bc4 {[%emt 0:00:09]} e6 {[%emt 0:00:12]} 18. h4 {[%emt 0:00:03]} Qc7 {[%emt 0:00:06]} 19. Nf3 {[%emt 0:00:05]} b5 {[%emt 0:00:06]} 20. axb5 {[%emt 0:00:03]} axb5 {[%emt 0:00:01]} 21. Bxb5 {[%emt 0:00:07]} Bb7 {[%emt 0:00:03]} 22. h5 {[%emt 0:00:15]} e5 {[%emt 0:00:04]} 23. hxg6 {[%emt 0:00:03]} e4 {[%emt 0:00:02]} 24. Rxh7+ {[%emt 0:00:09]} Kg8 {[%emt 0:00:00]} 25. Bc4+ {[%emt 0:00:12]} Nd5 {[%emt 0:00:05]} 26. Rdh1 {[%emt 0:00:13]} Ra5 27. Nh4 Rfa8 28. Nxf5 Be5 1-0

[Event "GER-chW Blitz 2019"]
[Site "Magdeburg"]
[Date "2019.05.25"]
[Round "9.2"]
[White "Rath, Alina"]
[Black "Hofmann, Karina"]
[Result "1-0"]
[WhiteElo "2042"]
[BlackElo "1700"]
[Annotator "NA"]
[PlyCount "146"]
[EventDate "2019.05.25"]
[EventType "tourn"]
[EventCountry "GER"]
[SourceTitle "playchess.com"]
[Source "ChessBase"]
[SourceQuality "1"]
[TimeControl "180+2"]

1. c4 {[%emt 0:00:00]} b6 {[%emt 0:00:00]} 2. Nc3 {[%emt 0:00:01]} Bb7 {[%emt 0:00:00]} 3. e4 {[%emt 0:00:02]} e6 {[%emt 0:00:00]} 4. g3 {[%emt 0:00:02]} Bb4 {[%emt 0:00:01]} 5. Nge2 {[%emt 0:00:02]} Ne7 {[%emt 0:00:02]} 6. Bg2 {[%emt 0:00:01]} O-O {[%emt 0:00:08]} 7. O-O {[%emt 0:00:02]} d5 {[%emt 0:00:04]} 8. cxd5 {[%emt 0:00:15]} exd5 {[%emt 0:00:02]} 9. d4 {[%emt 0:00:38]} dxe4 {[%emt 0:00:06]} 10. Nxe4 {[%emt 0:00:07]} Nd5 {[%emt 0:00:35]} 11. a3 {[%emt 0:00:05]} Be7 {[%emt 0:00:03]} 12. b4 {[%emt 0:00:08]} c6 {[%emt 0:00:07]} 13. Bb2 {[%emt 0:00:05]} Nd7 {[%emt 0:00:01]} 14. Rc1 {[%emt 0:00:08]} Rc8 {[%emt 0:00:02]} 15. Qd2 {[%emt 0:00:12]} N7f6 {[%emt 0:00:02]} 16. Rcd1 {[%emt 0:00:23]} Nxe4 {[%emt 0:00:12]} 17. Bxe4 {[%emt 0:00:02]} Bg5 {[%emt 0:00:03]} 18. Qc2 {[%emt 0:00:10]} g6 {[%emt 0:00:04]} 19. f4 {[%emt 0:00:07]} Bf6 {[%emt 0:00:01]} 20. Bc1 {[%emt 0:00:19]} Re8 {[%emt 0:00:05]} 21. Bf3 {[%emt 0:00:02]} Ne3 {[%emt 0:00:03]} 22. Bxe3 {[%emt 0:00:01]} Rxe3 {[%emt 0:00:01]} 23. Kf2 {[%emt 0:00:05]} Rxa3 {[%emt 0:00:03]} 24. Kg2 {[%emt 0:00:12]} Qe7 {[%emt 0:00:03]} 25. Qb2 {[%emt 0:00:10]} Re3 {[%emt 0:00:16]} 26. Nc1 {[%emt 0:00:01]} c5 {[%emt 0:00:24]} 27. bxc5 {[%emt 0:00:09]} Bxf3+ {[%emt 0:00:06]} 28. Rxf3 {[%emt 0:00:01]} Qe4 {[%emt 0:00:09]} 29. Rdf1 {[%emt 0:00:08]} Bxd4 {[%emt 0:00:06]} 30. Qa2 {[%emt 0:00:05]} bxc5 {[%emt 0:00:11]} 31. Qxa7 {[%emt 0:00:03]} Ra8 {[%emt 0:00:07]} 32. Qc7 {[%emt 0:00:02]} Ra1 {[%emt 0:00:11]} 33. Qd8+ {[%emt 0:00:14]} Kg7 {[%emt 0:00:02]} 34. f5 {[%emt 0:00:01]} Rxf3 {[%emt 0:00:19]} 35. Rxf3 {[%emt 0:00:02]} Rxc1 {[%emt 0:00:08]} 36. f6+ {[%emt 0:00:01]} Bxf6 {[%emt 0:00:03]} 37. Qxf6+ {[%emt 0:00:01]} Kh6 {[%emt 0:00:09]} 38. Qh4+ {[%emt 0:00:01]} Qxh4 {[%emt 0:00:02]} 39. gxh4 {[%emt 0:00:03]} c4 {[%emt 0:00:05]} 40. Rxf7 {[%emt 0:00:02]} c3 {[%emt 0:00:02]} 41. Rc7 {[%emt 0:00:00]} c2 {[%emt 0:00:03]} 42. Kh3 {[%emt 0:00:02]} g5 {[%emt 0:00:08]} 43. Rc6+ {[%emt 0:00:00]} Kg7 {[%emt 0:00:01]} 44. hxg5 {[%emt 0:00:01]} Kf7 {[%emt 0:00:04]} 45. Kh4 {[%emt 0:00:01]} Ke7 {[%emt 0:00:02]} 46. Kh5 {[%emt 0:00:02]} Kf7 {[%emt 0:00:01]} 47. h4 {[%emt 0:00:02]} Kg7 {[%emt 0:00:01]} 48. Rc7+ {[%emt 0:00:01]} Kg8 {[%emt 0:00:02]} 49. Kh6 {[%emt 0:00:01]} Rh1 {[%emt 0:00:03]} 50. Rc8+ {[%emt 0:00:02]} Kf7 {[%emt 0:00:01]} 51. Rc7+ {[%emt 0:00:03]} Ke6 {[%emt 0:00:01]} 52. Rxc2 {[%emt 0:00:03]} Rxh4+ {[%emt 0:00:01]} 53. Kg7 {[%emt 0:00:01]} Kf5 {[%emt 0:00:02]} 54. Rg2 {[%emt 0:00:02]} Kf4 {[%emt 0:00:04]} 55. Kf6 {[%emt 0:00:04]} Rg4 {[%emt 0:00:03]} 56. Rf2+ {[%emt 0:00:02]} Kg3 {[%emt 0:00:01]} 57. Rf1 {[%emt 0:00:02]} Kh4 {[%emt 0:00:02]} 58. Rh1+ {[%emt 0:00:02]} Kg3 {[%emt 0:00:01]} 59. Rxh7 {[%emt 0:00:01]} Rf4+ {[%emt 0:00:02]} 60. Ke5 {[%emt 0:00:02]} Rg4 {[%emt 0:00:01]} 61. Kf5 {[%emt 0:00:02]} Rc4 {[%emt 0:00:01]} 62. Rd7 {[%emt 0:00:03]} Rc5+ {[%emt 0:00:01]} 63. Kg6 {[%emt 0:00:02]} Kg4 {[%emt 0:00:00]} 64. Rd4+ {[%emt 0:00:01]} Kf3 {[%emt 0:00:02]} 65. Kf6 {[%emt 0:00:03]} Rc6+ {[%emt 0:00:01]} 66. Kg7 {[%emt 0:00:01]} Ke3 {[%emt 0:00:01]} 67. Ra4 {[%emt 0:00:01]} Kf3 {[%emt 0:00:01]} 68. g6 {[%emt 0:00:01]} Rc7+ {[%emt 0:00:01]} 69. Kh6 {[%emt 0:00:01]} Rc6 {[%emt 0:00:00]} 70. Kh7 {[%emt 0:00:01]} Rc7+ {[%emt 0:00:01]} 71. g7 {[%emt 0:00:00]} Rc8 {[%emt 0:00:01]} 72. g8=Q {[%emt 0:00:04]} Rxg8 {[%emt 0:00:00]} 73. Kxg8 {[%emt 0:00:00]} Ke3 {[%emt 0:00:01]} 1-0

[Event "GER-chW Blitz 2019"]
[Site "Magdeburg"]
[Date "2019.05.25"]
[Round "9.3"]
[White "Silz, Elisa"]
[Black "Siegl, Melina"]
[Result "0-1"]
[WhiteElo "1977"]
[BlackElo "2029"]
[Annotator "NA"]
[PlyCount "94"]
[EventDate "2019.05.25"]
[EventType "tourn"]
[EventCountry "GER"]
[SourceTitle "playchess.com"]
[Source "ChessBase"]
[SourceQuality "1"]
[TimeControl "180+2"]

1. d4 {[%emt 0:00:00]} f5 {[%emt 0:00:05]} 2. g3 {[%emt 0:00:01]} d6 {[%emt 0:00:03]} 3. Bg2 {[%emt 0:00:01]} g6 {[%emt 0:00:01]} 4. Nh3 {[%emt 0:00:02]} Bg7 {[%emt 0:00:01]} 5. c4 {[%emt 0:00:01]} Nf6 {[%emt 0:00:02]} 6. O-O {[%emt 0:00:02]} c6 {[%emt 0:00:03]} 7. Nc3 {[%emt 0:00:02]} O-O {[%emt 0:00:02]} 8. d5 {[%emt 0:00:05]} e5 {[%emt 0:00:29]} 9. dxe6 Bxe6 {[%emt 0:00:05]} 10. Qb3 {[%emt 0:00:15]} Qc8 {[%emt 0:00:12]} 11. Nf4 {[%emt 0:00:03]} Bf7 {[%emt 0:00:02]} 12. Qb4 {[%emt 0:00:13]} Rd8 {[%emt 0:00:04]} 13. Be3 {[%emt 0:00:08]} Na6 {[%emt 0:00:02]} 14. Qa4 {[%emt 0:00:10]} g5 {[%emt 0:00:30]} 15. Nd3 {[%emt 0:00:04]} h6 {[%emt 0:00:03]} 16. Rac1 {[%emt 0:00:11]} Ng4 {[%emt 0:00:03]} 17. Bd2 {[%emt 0:00:05]} Ne5 {[%emt 0:00:04]} 18. Nxe5 {[%emt 0:00:06]} dxe5 {[%emt 0:00:01]} 19. b4 {[%emt 0:00:10]} Bxc4 {[%emt 0:00:08]} 20. Be3 {[%emt 0:00:16]} Bf7 {[%emt 0:00:32]} 21. b5 {[%emt 0:00:06]} Nb8 {[%emt 0:00:35]} 22. b6 {[%emt 0:00:13]} a5 {[%emt 0:00:08]} 23. f4 {[%emt 0:00:13]} exf4 {[%emt 0:00:08]} 24. gxf4 {[%emt 0:00:02]} Qe6 {[%emt 0:00:03]} 25. Nd1 {[%emt 0:00:15]} Rxd1 {[%emt 0:00:04]} 26. Rcxd1 {[%emt 0:00:05]} Qxe3+ {[%emt 0:00:01]} 27. Kh1 {[%emt 0:00:01]} Qxb6 {[%emt 0:00:02]} 28. Rf3 {[%emt 0:00:06]} g4 {[%emt 0:00:02]} 29. Rfd3 Na6 {[%emt 0:00:03]} 30. Qc2 {[%emt 0:00:07]} Re8 {[%emt 0:00:04]} 31. Rd7 {[%emt 0:00:04]} Be6 {[%emt 0:00:06]} 32. R7d6 {[%emt 0:00:05]} Bf8 {[%emt 0:00:02]} 33. Rxe6 {[%emt 0:00:06]} Rxe6 {[%emt 0:00:01]} 34. Qxf5 {[%emt 0:00:02]} Re7 {[%emt 0:00:04]} 35. Qg6+ {[%emt 0:00:05]} Rg7 {[%emt 0:00:01]} 36. Qe6+ {[%emt 0:00:02]} Kh7 {[%emt 0:00:02]} 37. Be4+ {[%emt 0:00:04]} Kh8 {[%emt 0:00:04]} 38. Qxh6+ {[%emt 0:00:02]} Kg8 {[%emt 0:00:01]} 39. Qe6+ {[%emt 0:00:09]} Kh8 {[%emt 0:00:01]} 40. Qe8 {[%emt 0:00:06]} Qc5 {[%emt 0:00:02]} 41. f5 {[%emt 0:00:09]} Qe7 42. Qh5+ {[%emt 0:00:02]} Kg8 {[%emt 0:00:03]} 43. Rf1 {[%emt 0:00:02]} Qxe4+ {[%emt 0:00:01]} 44. Kg1 {[%emt 0:00:02]} Bc5+ {[%emt 0:00:01]} 45. Rf2 {[%emt 0:00:02]} g3 {[%emt 0:00:05]} 46. hxg3 {[%emt 0:00:17]} Rxg3+ {[%emt 0:00:01]} 47. Kf1 {[%emt 0:00:01]} Qb1# 0-1

[Event "GER-chW Blitz 2019"]
[Site "Magdeburg"]
[Date "2019.05.25"]
[Round "9.4"]
[White "Kotyk, Valeriya"]
[Black "Muetsch, Annmarie"]
[Result "1-0"]
[WhiteElo "1739"]
[BlackElo "2266"]
[Annotator "NA"]
[PlyCount "139"]
[EventDate "2019.05.25"]
[EventType "tourn"]
[EventCountry "GER"]
[SourceTitle "playchess.com"]
[Source "ChessBase"]
[SourceQuality "1"]
[TimeControl "180+2"]

1. d4 {[%emt 0:00:00]} Nf6 {[%emt 0:00:00]} 2. Bg5 {[%emt 0:00:01]} d5 {[%emt 0:00:07]} 3. Bxf6 {[%emt 0:00:04]} exf6 {[%emt 0:00:03]} 4. e3 {[%emt 0:00:04]} f5 {[%emt 0:00:02]} 5. g3 {[%emt 0:00:02]} c6 {[%emt 0:00:03]} 6. Bg2 {[%emt 0:00:01]} Bd6 {[%emt 0:00:05]} 7. Ne2 {[%emt 0:00:01]} O-O {[%emt 0:00:02]} 8. Nd2 {[%emt 0:00:01]} Nd7 {[%emt 0:00:01]} 9. c4 {[%emt 0:00:02]} Nf6 {[%emt 0:00:03]} 10. O-O {[%emt 0:00:06]} Ne4 {[%emt 0:00:06]} 11. b3 {[%emt 0:00:11]} Bb4 {[%emt 0:00:13]} 12. Nf3 {[%emt 0:00:10]} Be6 {[%emt 0:00:04]} 13. a3 {[%emt 0:00:11]} Be7 {[%emt 0:00:11]} 14. cxd5 {[%emt 0:00:04]} Bxd5 {[%emt 0:00:07]} 15. Qd3 {[%emt 0:00:09]} Bf6 {[%emt 0:00:24]} 16. Nf4 {[%emt 0:00:04]} Re8 {[%emt 0:00:09]} 17. Nxd5 {[%emt 0:00:03]} Qxd5 {[%emt 0:00:02]} 18. Rac1 {[%emt 0:00:07]} Rad8 {[%emt 0:00:04]} 19. Qc4 {[%emt 0:00:04]} Qd6 {[%emt 0:00:09]} 20. b4 {[%emt 0:00:05]} g6 {[%emt 0:00:08]} 21. Rfd1 {[%emt 0:00:05]} Bg7 {[%emt 0:00:03]} 22. Nd2 {[%emt 0:00:05]} Nf6 {[%emt 0:00:05]} 23. Nb3 {[%emt 0:00:02]} Nd5 {[%emt 0:00:06]} 24. Nc5 {[%emt 0:00:05]} Qe7 {[%emt 0:00:09]} 25. Nd3 {[%emt 0:00:12]} Nb6 {[%emt 0:00:22]} 26. Qc5 {[%emt 0:00:07]} Qd7 {[%emt 0:00:06]} 27. Qc2 {[%emt 0:00:05]} Nd5 {[%emt 0:00:03]} 28. Nc5 {[%emt 0:00:01]} Qe7 {[%emt 0:00:04]} 29. Qb3 {[%emt 0:00:08]} Bh6 {[%emt 0:00:04]} 30. b5 {[%emt 0:00:10]} Qc7 {[%emt 0:00:25]} 31. bxc6 {[%emt 0:00:03]} bxc6 {[%emt 0:00:01]} 32. Rb1 {[%emt 0:00:18]} Rb8 {[%emt 0:00:03]} 33. Qd3 {[%emt 0:00:01]} Qa5 {[%emt 0:00:07]} 34. Rxb8 {[%emt 0:00:07]} Rxb8 {[%emt 0:00:01]} 35. Bxd5 {[%emt 0:00:03]} cxd5 {[%emt 0:00:02]} 36. Nd7 {[%emt 0:00:03]} Rd8 {[%emt 0:00:04]} 37. Ne5 {[%emt 0:00:03]} Qa4 {[%emt 0:00:06]} 38. Rc1 {[%emt 0:00:05]} Bf8 {[%emt 0:00:02]} 39. Rc7 {[%emt 0:00:05]} Qxa3 {[%emt 0:00:03]} 40. Qxa3 {[%emt 0:00:02]} Bxa3 {[%emt 0:00:02]} 41. Rxa7 {[%emt 0:00:01]} Bf8 {[%emt 0:00:07]} 42. Rxf7 {[%emt 0:00:02]} Bg7 {[%emt 0:00:04]} 43. Re7 {[%emt 0:00:02]} Bf6 {[%emt 0:00:03]} 44. Re6 {[%emt 0:00:04]} Kg7 {[%emt 0:00:01]} 45. Nf3 {[%emt 0:00:05]} Kf7 {[%emt 0:00:02]} 46. Rb6 {[%emt 0:00:01]} Ra8 {[%emt 0:00:05]} 47. Kg2 {[%emt 0:00:02]} Ra5 {[%emt 0:00:01]} 48. h4 {[%emt 0:00:01]} h6 {[%emt 0:00:02]} 49. Nd2 {[%emt 0:00:05]} Ra2 {[%emt 0:00:02]} 50. Nb3 {[%emt 0:00:01]} Rb2 {[%emt 0:00:02]} 51. Rb7+ {[%emt 0:00:02]} Kg8 {[%emt 0:00:03]} 52. Nc5 {[%emt 0:00:01]} Rxb7 {[%emt 0:00:05]} 53. Nxb7 {[%emt 0:00:01]} Kf7 {[%emt 0:00:01]} 54. Kf3 {[%emt 0:00:01]} Ke6 {[%emt 0:00:01]} 55. Nc5+ {[%emt 0:00:02]} Kd6 {[%emt 0:00:01]} 56. Ke2 {[%emt 0:00:02]} Be7 {[%emt 0:00:03]} 57. f3 {[%emt 0:00:02]} Bf6 {[%emt 0:00:01]} 58. Kd3 {[%emt 0:00:01]} Be7 {[%emt 0:00:01]} 59. Kc3 {[%emt 0:00:01]} Kc6 {[%emt 0:00:02]} 60. Nd3 {[%emt 0:00:03]} Bd6 {[%emt 0:00:02]} 61. f4 {[%emt 0:00:04]} Kc7 {[%emt 0:00:03]} 62. Ne5 {[%emt 0:00:02]} g5 {[%emt 0:00:03]} 63. hxg5 {[%emt 0:00:02]} hxg5 {[%emt 0:00:01]} 64. fxg5 {[%emt 0:00:01]} Be7 {[%emt 0:00:01]} 65. g6 {[%emt 0:00:02]} Bf6 {[%emt 0:00:00]} 66. Kb4 {[%emt 0:00:02]} Kd6 {[%emt 0:00:02]} 67. Nf7+ {[%emt 0:00:04]} Ke6 {[%emt 0:00:01]} 68. Ne5 {[%emt 0:00:05]} Be7+ {[%emt 0:00:03]} 69. Kb5 {[%emt 0:00:01]} Bg5 {[%emt 0:00:05]} 70. g7 {[%emt 0:00:04]} 1-0

[Event "GER-chW Blitz 2019"]
[Site "Magdeburg"]
[Date "2019.05.25"]
[Round "9.5"]
[White "Fuchs, Judith"]
[Black "Michna, Marta"]
[Result "0-1"]
[WhiteElo "2218"]
[BlackElo "2355"]
[Annotator "NA"]
[PlyCount "131"]
[EventDate "2019.05.25"]
[EventType "tourn"]
[EventCountry "GER"]
[SourceTitle "playchess.com"]
[Source "ChessBase"]
[SourceQuality "1"]
[TimeControl "180+2"]

1. d4 {[%emt 0:00:00]} Nf6 {[%emt 0:00:00]} 2. Bf4 {[%emt 0:00:00]} d6 {[%emt 0:00:00]} 3. Nc3 {[%emt 0:00:03]} Nbd7 {[%emt 0:00:03]} 4. Nf3 {[%emt 0:00:12]} Nh5 {[%emt 0:00:06]} 5. Bg5 {[%emt 0:00:03]} h6 {[%emt 0:00:02]} 6. Bh4 {[%emt 0:00:05]} g5 {[%emt 0:00:05]} 7. Bg3 {[%emt 0:00:01]} Bg7 {[%emt 0:00:04]} 8. e3 {[%emt 0:00:04]} c6 {[%emt 0:00:09]} 9. Be2 {[%emt 0:00:05]} Ndf6 {[%emt 0:00:09]} 10. Qd3 {[%emt 0:00:12]} a5 {[%emt 0:00:08]} 11. e4 {[%emt 0:00:17]} Nxg3 {[%emt 0:00:19]} 12. hxg3 {[%emt 0:00:02]} a4 {[%emt 0:00:11]} 13. a3 {[%emt 0:00:06]} Qa5 {[%emt 0:00:11]} 14. O-O-O {[%emt 0:00:11]} Ng4 {[%emt 0:00:05]} 15. Rhf1 {[%emt 0:00:11]} b5 {[%emt 0:00:52]} 16. e5 {[%emt 0:00:07]} b4 {[%emt 0:00:08]} 17. axb4 {[%emt 0:00:13]} Qxb4 {[%emt 0:00:01]} 18. Na2 {[%emt 0:00:01]} Qb6 {[%emt 0:00:00]} 19. exd6 Be6 20. d5 {[%emt 0:00:14]} Bxb2+ {[%emt 0:00:17]} 21. Kd2 {[%emt 0:00:01]} Qa5+ {[%emt 0:00:06]} 22. c3 {[%emt 0:00:04]} Qxd5 {[%emt 0:00:07]} 23. Nb4 {[%emt 0:00:13]} Qxd3+ {[%emt 0:00:04]} 24. Bxd3 {[%emt 0:00:06]} exd6 {[%emt 0:00:04]} 25. Nd4 {[%emt 0:00:07]} c5 {[%emt 0:00:01]} 26. Nxe6 fxe6 {[%emt 0:00:01]} 27. Na2 {[%emt 0:00:07]} O-O {[%emt 0:00:02]} 28. Kc2 {[%emt 0:00:03]} a3 {[%emt 0:00:00]} 29. Rd2 {[%emt 0:00:03]} d5 {[%emt 0:00:02]} 30. Re2 {[%emt 0:00:01]} c4 {[%emt 0:00:07]} 31. Bg6 {[%emt 0:00:02]} Rf6 {[%emt 0:00:01]} 32. Bh5 {[%emt 0:00:01]} d4 {[%emt 0:00:10]} 33. cxd4 {[%emt 0:00:04]} Ne3+ {[%emt 0:00:07]} 34. Rxe3 {[%emt 0:00:04]} Bxd4 35. Re4 {[%emt 0:00:04]} e5 {[%emt 0:00:07]} 36. f3 {[%emt 0:00:04]} Rb8 {[%emt 0:00:08]} 37. Re2 {[%emt 0:00:16]} Rb2+ {[%emt 0:00:02]} 38. Kd1 {[%emt 0:00:01]} Rb1+ {[%emt 0:00:03]} 39. Nc1 {[%emt 0:00:06]} Rfb6 {[%emt 0:00:02]} 40. Bg6 {[%emt 0:00:05]} Ra1 {[%emt 0:00:01]} 41. Rc2 {[%emt 0:00:05]} Rxg6 {[%emt 0:00:01]} 42. Kd2 {[%emt 0:00:01]} c3+ {[%emt 0:00:02]} 43. Kd3 {[%emt 0:00:01]} Rb6 44. f4 {[%emt 0:00:01]} gxf4 {[%emt 0:00:09]} 45. gxf4 {[%emt 0:00:00]} Rb2 {[%emt 0:00:01]} 46. fxe5 {[%emt 0:00:01]} Bxe5 {[%emt 0:00:00]} 47. Re1 {[%emt 0:00:05]} Bg7 {[%emt 0:00:03]} 48. Re8+ {[%emt 0:00:01]} Kh7 {[%emt 0:00:01]} 49. Re7 {[%emt 0:00:01]} Kg8 {[%emt 0:00:02]} 50. Re8+ {[%emt 0:00:01]} Kf7 {[%emt 0:00:01]} 51. Rc8 {[%emt 0:00:00]} Rab1 {[%emt 0:00:01]} 52. Rc7+ {[%emt 0:00:02]} Kg6 {[%emt 0:00:01]} 53. Rc6+ {[%emt 0:00:01]} Kh7 {[%emt 0:00:01]} 54. Rc7 {[%emt 0:00:00]} a2 {[%emt 0:00:03]} 55. Nxa2 {[%emt 0:00:03]} Rxc2 {[%emt 0:00:01]} 56. Kxc2 {[%emt 0:00:01]} Rb2+ {[%emt 0:00:01]} 57. Kd3 {[%emt 0:00:01]} Rxa2 58. Rc6 {[%emt 0:00:01]} Rxg2 {[%emt 0:00:02]} 59. Rc7 {[%emt 0:00:01]} h5 {[%emt 0:00:03]} 60. Rc4 {[%emt 0:00:00]} Kg6 {[%emt 0:00:01]} 61. Ke3 {[%emt 0:00:02]} Bf6 {[%emt 0:00:02]} 62. Kf3 {[%emt 0:00:00]} Rb2 {[%emt 0:00:01]} 63. Ke3 {[%emt 0:00:03]} h4 {[%emt 0:00:01]} 64. Rg4+ {[%emt 0:00:05]} Kh5 {[%emt 0:00:01]} 65. Rf4 {[%emt 0:00:01]} Bg5 {[%emt 0:00:01]} 66. Kd4 0-1

[Event "GER-chW Blitz 2019"]
[Site "Magdeburg"]
[Date "2019.05.25"]
[Round "9.6"]
[White "Lubbe, Melanie"]
[Black "Osmanodja, Filiz"]
[Result "1-0"]
[WhiteElo "2278"]
[BlackElo "2260"]
[Annotator "NA"]
[PlyCount "73"]
[EventDate "2019.05.25"]
[EventType "tourn"]
[EventCountry "GER"]
[SourceTitle "playchess.com"]
[Source "ChessBase"]
[SourceQuality "1"]
[TimeControl "180+2"]

1. d4 {[%emt 0:00:00]} Nf6 {[%emt 0:00:03]} 2. Nc3 {[%emt 0:00:00]} d5 {[%emt 0:00:01]} 3. Bf4 {[%emt 0:00:00]} e6 {[%emt 0:00:02]} 4. Nb5 {[%emt 0:00:06]} Na6 {[%emt 0:00:01]} 5. e3 {[%emt 0:00:02]} c6 {[%emt 0:00:03]} 6. Nc3 {[%emt 0:00:03]} Bb4 {[%emt 0:00:07]} 7. a3 {[%emt 0:00:06]} Bxc3+ 8. bxc3 {[%emt 0:00:01]} Nc7 {[%emt 0:00:06]} 9. c4 {[%emt 0:00:02]} dxc4 {[%emt 0:00:15]} 10. Bxc4 Ncd5 {[%emt 0:00:03]} 11. Bg3 {[%emt 0:00:10]} Ne4 {[%emt 0:00:08]} 12. Nf3 {[%emt 0:00:16]} Qa5+ {[%emt 0:00:09]} 13. Kf1 {[%emt 0:00:01]} Ndc3 {[%emt 0:00:23]} 14. Qd3 {[%emt 0:00:10]} b5 {[%emt 0:00:09]} 15. Bb3 {[%emt 0:00:02]} Ba6 {[%emt 0:00:11]} 16. Ne5 {[%emt 0:00:20]} b4 {[%emt 0:00:35]} 17. Bc4 {[%emt 0:00:07]} Bxc4 {[%emt 0:00:50]} 18. Nxc4 {[%emt 0:00:02]} Qb5 {[%emt 0:00:07]} 19. Ne5 {[%emt 0:00:29]} Nd2+ {[%emt 0:00:12]} 20. Ke1 {[%emt 0:00:06]} Qxd3 {[%emt 0:00:04]} 21. Nxd3 {[%emt 0:00:04]} Nde4 {[%emt 0:00:08]} 22. Nxb4 {[%emt 0:00:08]} Nxg3 {[%emt 0:00:03]} 23. hxg3 {[%emt 0:00:03]} Kd7 {[%emt 0:00:01]} 24. Kd2 {[%emt 0:00:04]} Ne4+ {[%emt 0:00:03]} 25. Ke2 {[%emt 0:00:01]} h6 {[%emt 0:00:01]} 26. Nd3 {[%emt 0:00:05]} Kd6 {[%emt 0:00:02]} 27. c4 {[%emt 0:00:04]} f6 {[%emt 0:00:03]} 28. Rhb1 {[%emt 0:00:05]} Rhb8 {[%emt 0:00:01]} 29. Rb2 {[%emt 0:00:02]} Rxb2+ {[%emt 0:00:02]} 30. Nxb2 {[%emt 0:00:01]} Nc3+ {[%emt 0:00:00]} 31. Kd3 {[%emt 0:00:01]} Rb8 {[%emt 0:00:05]} 32. Kxc3 {[%emt 0:00:01]} c5 {[%emt 0:00:01]} 33. Nd3 {[%emt 0:00:02]} cxd4+ {[%emt 0:00:01]} 34. exd4 {[%emt 0:00:01]} g5 {[%emt 0:00:01]} 35. c5+ {[%emt 0:00:03]} Kc7 {[%emt 0:00:02]} 36. Nb4 {[%emt 0:00:01]} a5 {[%emt 0:00:01]} 37. Na6+ {[%emt 0:00:02]} 1-0

[Event "GER-chW Blitz 2019"]
[Site "Magdeburg"]
[Date "2019.05.25"]
[Round "9.7"]
[White "Ries, Jutta"]
[Black "Sieber, Fiona"]
[Result "0-1"]
[WhiteElo "2017"]
[BlackElo "2250"]
[Annotator "NA"]
[PlyCount "96"]
[EventDate "2019.05.25"]
[EventType "tourn"]
[EventCountry "GER"]
[SourceTitle "playchess.com"]
[Source "ChessBase"]
[SourceQuality "1"]
[TimeControl "180+2"]

1. f4 {[%emt 0:00:00]} Nf6 {[%emt 0:00:02]} 2. Nf3 {[%emt 0:00:01]} c5 {[%emt 0:00:03]} 3. b3 {[%emt 0:00:01]} g6 {[%emt 0:00:07]} 4. Bb2 {[%emt 0:00:01]} Bg7 {[%emt 0:00:01]} 5. e3 {[%emt 0:00:01]} Nc6 {[%emt 0:00:05]} 6. Bb5 {[%emt 0:00:04]} O-O {[%emt 0:00:08]} 7. O-O {[%emt 0:00:03]} d5 {[%emt 0:00:09]} 8. Bxc6 {[%emt 0:00:09]} bxc6 {[%emt 0:00:01]} 9. Qe2 {[%emt 0:00:06]} a5 {[%emt 0:00:05]} 10. d3 {[%emt 0:00:02]} a4 {[%emt 0:00:03]} 11. Nbd2 {[%emt 0:00:03]} a3 {[%emt 0:00:05]} 12. Be5 {[%emt 0:00:02]} Nd7 {[%emt 0:00:04]} 13. Bxg7 {[%emt 0:00:02]} Kxg7 {[%emt 0:00:02]} 14. e4 {[%emt 0:00:10]} Nf6 {[%emt 0:00:33]} 15. Rae1 {[%emt 0:00:06]} Ra7 {[%emt 0:00:03]} 16. Kh1 {[%emt 0:00:11]} Re8 {[%emt 0:00:08]} 17. Ne5 {[%emt 0:00:03]} Qc7 {[%emt 0:00:05]} 18. Qf2 {[%emt 0:00:56]} Ra5 {[%emt 0:00:20]} 19. h3 {[%emt 0:00:10]} Nd7 {[%emt 0:00:03]} 20. Ndf3 {[%emt 0:00:06]} f6 {[%emt 0:00:04]} 21. Ng4 {[%emt 0:00:01]} Qxf4 {[%emt 0:00:18]} 22. e5 {[%emt 0:01:01]} f5 {[%emt 0:00:06]} 23. Ngh2 {[%emt 0:00:04]} Nf8 {[%emt 0:00:09]} 24. g3 {[%emt 0:00:04]} Qb4 {[%emt 0:00:05]} 25. Qe3 {[%emt 0:00:08]} f4 {[%emt 0:00:05]} 26. gxf4 {[%emt 0:00:01]} Bxh3 {[%emt 0:00:02]} 27. Rg1 {[%emt 0:00:01]} Ne6 {[%emt 0:00:10]} 28. Ng5 {[%emt 0:00:03]} Nxg5 {[%emt 0:00:04]} 29. Rxg5 {[%emt 0:00:01]} Bf5 {[%emt 0:00:02]} 30. Ng4 {[%emt 0:00:02]} Rf8 {[%emt 0:00:07]} 31. Nf2 {[%emt 0:00:01]} Qd4 {[%emt 0:00:07]} 32. Qxd4 {[%emt 0:00:02]} cxd4 {[%emt 0:00:01]} 33. Reg1 {[%emt 0:00:01]} Rc5 {[%emt 0:00:02]} 34. Rc1 {[%emt 0:00:02]} Be6 {[%emt 0:00:05]} 35. Kg2 {[%emt 0:00:01]} Rxf4 {[%emt 0:00:03]} 36. Nh3 {[%emt 0:00:02]} Bxh3+ {[%emt 0:00:03]} 37. Kxh3 {[%emt 0:00:01]} Rf2 {[%emt 0:00:01]} 38. Rg2 {[%emt 0:00:01]} Rf3+ {[%emt 0:00:02]} 39. Kh2 {[%emt 0:00:01]} Rxd3 {[%emt 0:00:02]} 40. Rf1 {[%emt 0:00:04]} Re3 {[%emt 0:00:06]} 41. Rgf2 {[%emt 0:00:01]} Rxe5 {[%emt 0:00:04]} 42. Rf7+ {[%emt 0:00:01]} Kh6 {[%emt 0:00:01]} 43. R1f2 {[%emt 0:00:03]} Rc3 {[%emt 0:00:04]} 44. Kg2 {[%emt 0:00:03]} Rf5 {[%emt 0:00:05]} 45. R7xf5 {[%emt 0:00:01]} gxf5 {[%emt 0:00:01]} 46. Kf1 {[%emt 0:00:02]} e6 {[%emt 0:00:02]} 47. Ke1 {[%emt 0:00:01]} Re3+ {[%emt 0:00:01]} 48. Kd2 {[%emt 0:00:01]} Kg5 {[%emt 0:00:03]} 0-1